OCP Oracle database 10g : New features for administrators exam guide

Sparad:
Bibliografiska uppgifter
Huvudupphovsman:  Alapati, Sam R
Materialtyp: Sách
Språk:Undetermined
Publicerad:  McGraw-Hill/Osborne  2004
Ämnen:
Taggar: Lägg till en tagg
Inga taggar, Lägg till första taggen!
Thư viện lưu trữ: Trung tâm Thư viện - Trường Đại học Công nghiệp TP. Hồ Chí Minh
LEADER 00523nam a2200157Ia 4500
001 UIH_05818
008 231011s9999 xx 000 0 und d
082 |a  005.74 
100 |a  Alapati, Sam R 
245 0 |a  OCP Oracle database 10g : New features for administrators exam guide 
245 0 |c  Alapati, Sam R 
260 |b  McGraw-Hill/Osborne 
260 |c  2004 
650 |a  Cơ sở dữ liệu;  
927 |a Sách 
980 |a Trung tâm Thư viện - Trường Đại học Công nghiệp TP. Hồ Chí Minh